[Event "ROM-ch U10"]
[Site "Calimanesti Caciulata"]
[Date "2016.04.23"]
[Round "7"]
[White "Hejja, Adam Peter"]
[Black "Gombas, Sandor"]
[Result "0-1"]
[WhiteElo "1293"]
[BlackElo "1019"]
[PlyCount "72"]
[EventDate "2016.04.18"]
[EventType "swiss"]
[EventRounds "9"]
[EventCountry "ROU"]
[SourceTitle "CBM 172 Extra"]
[Source "ChessBase"]
[SourceDate "2016.06.21"]
[SourceVersion "1"]
[SourceVersionDate "2016.06.21"]
[SourceQuality "1"]

1. e4 a6 2. Nf3 b5 3. d4 Bb7 4. Bd3 e6 5. 0-0 c5 6. dxc5 Bxc5 7. a3 Nf6 8. b4 Bb6 9. Nc3 Nc6 10. Re1 Ng4 11. Be3 Nxe3 12. fxe3 Qf6 13. Qd2 Ne5 14. Nxe5 Qxe5 15. Rab1 Bc7 16. g3 h5 17. Ne2 h4 18. Kg2 hxg3 19. hxg3 Bxe4+ 20. Bxe4 Qxe4+ 21. Kf1 Rh1+ 22. Ng1 Bxg3 23. Re2 Qf5+ 24. Kg2 Rh5 25. Kxg3 Rg5+ 26. Kh2 Qh7+ 27. Nh3 Ke7 28. Rg2 Rh5 29. Rg3 Rh8 30. Qg2 g5 31. Rc1 g4 32. c4 bxc4 33. Rxc4 gxh3 34. Qb7 Qd3 35. Qxa6 Qe2+ 36. Kh1 h2 0-1